Μνημεία και Μνήμες Anitlar ve Anilar
| Κύριος συγγραφέας: | |
|---|---|
| Άλλοι συγγραφείς: | |
| Μορφή: | Βιβλίο |
| Γλώσσα: | Greek English Turkish |
| Έκδοση: |
Λευκωσία
Ελληνική Τράπεζα
2007
|
| Θέματα: |
| LEADER | 01408nam a2200301 u 4500 | ||
|---|---|---|---|
| 001 | 10099812 | ||
| 003 | upatras | ||
| 005 | 20250109063354.0 | ||
| 008 | 130108s2007 cy gre | ||
| 020 | |a 9789963880539 | ||
| 040 | |a GR-PaULI |c GR-PaULI | ||
| 041 | 0 | |a gre |a eng |a tur | |
| 082 | 0 | 4 | |a 956.93 |
| 245 | 1 | 0 | |a Μνημεία και Μνήμες |b Anitlar ve Anilar |b Monuments and memories |b Paphos:of legends and history |c ; κείμενα:Ρίτα Κ.Σεβέρη |c ; μετάφραση:Muge Sevketoglu |
| 246 | 1 | 1 | |a Anitlar ve anilar |b Baf:efsaneler ve tarih sehri |
| 246 | 1 | 1 | |a Monuments and memories |b Paphos:of legends and history |
| 260 | |a Λευκωσία |b Ελληνική Τράπεζα |c 2007 | ||
| 300 | |a 105 σ. |b φωτ. |c 29 εκ. | ||
| 504 | |a Περιλαμβάνει βιβλιογραφία | ||
| 651 | 0 | |a Κύπρος |x Ιστορία |9 18442 | |
| 651 | 4 | |a Πάφος (Κύπρος) |x Ιστορία |9 111380 | |
| 700 | 1 | |a Σεβέρη, Ρίτα Κ., |d 1952- |4 aut |9 111199 | |
| 700 | 1 | |a Sevketoglu, Muge |4 trl |9 111381 | |
| 852 | |a GR-PaULI |b ΠΑΤΡΑ |b ΑΡΧΙΤΕΚΤΟΝΙΚΗ |k ΑΣΧΕ-2 |h 956.93 ΜΝΗ |m 008952 |p 025000179938 |t 1 | ||
| 942 | |2 ddc |c BK15 | ||
| 952 | |0 0 |1 0 |4 0 |6 956_930000000000000_ΜΝΗ |7 0 |9 118930 |a ARCH |b ARCH |d 2016-04-24 |i 008952 |l 2 |o 956.93 ΜΝΗ |p 025000179938 |r 2019-03-27 00:00:00 |s 2019-03-20 |t 1 |w 2016-04-24 |y BK15 | ||
| 998 | |c Λοτσάρη |d 2013-01 | ||
| 999 | |c 78988 |d 78988 | ||